Documentos para la historia del movimiento indígena colombiano contemporáneo

Saved in:
Bibliografiske detaljer
Main Authors: Sánchez Gutiérrez, Enrique (Author), Molina Echeveri, Hernán (Author)
Format: Bog
Sprog:spansk
Udgivet: Bogotá Ministerio de Cultura 2010
Udgivelse:1a. ed
Serier:Biblioteca Básica de los Pueblos Indígenas de Colombia, 1
Fag:
Tags: Tilføj Tag
Ingen Tags, Vær først til at tagge denne postø!

MARC

LEADER 00000nam a2200000 a 4500
001 UCG5416
003 CL-VaPUC
008 110303e20100800CK |||||||||||||||||spa|d
020 |a 9789587530148o.c 
020 |a 9789587530179t.1 
082 0 4 |a 303.48  |b SAN  |2 21 
100 0 |a Sánchez Gutiérrez, Enrique  |e author  |9 555126 
700 0 |a Molina Echeveri, Hernán  |e author  |9 555127 
245 1 0 |a Documentos para la historia del movimiento indígena colombiano contemporáneo 
250 |a 1a. ed 
300 |a 412 p 
942 |c BK 
945 |d 20110303 00:00:00  |a dcastane 
260 |a Bogotá  |b Ministerio de Cultura  |c 2010 
650 7 |a MOVIMIENTOS INDIGENAS  |2 CL-VaPUC  |9 555128 
650 0 |a Historia de Colombia  |y Siglo 20  |9 555129 
650 0 |a Movimientos sociales  |9 315241 
651 0 |a Colombia  |9 256424 
583 |a last modification  |c 20110303 00:00:00  |k Rodrigo Vera 
490 0 |a Biblioteca Básica de los Pueblos Indígenas de Colombia, 1 
999 |c 343936  |d 343934 
952 |0 0  |1 0  |4 0  |6 303_480000000000000_SAN_2010  |7 0  |8 A  |9 441653  |a BIBART  |b BIBART  |d 2019-11-22  |i 4747232  |o 303.48 SAN 2010  |p 4747232  |r 2025-03-13  |w 2019-11-22  |y BK  |k ART